Welcome to CU Library Online Public Access Catalogue (OPAC)

Currency Futures/ (Record no. 8939)

MARC details
000 -LEADER
fixed length control field 00425nam a22001577a 4500
005 - DATE AND TIME OF LATEST TRANSACTION
control field 20260311163516.0
008 - FIXED-LENGTH DATA ELEMENTS--GENERAL INFORMATION
fixed length control field 260311b |||||||| |||| 00| 0 eng d
020 ## - INTERNATIONAL STANDARD BOOK NUMBER
International Standard Book Number 0852974353
020 ## - INTERNATIONAL STANDARD BOOK NUMBER
International Standard Book Number 9780852974353
050 ## - LIBRARY OF CONGRESS CALL NUMBER
Classification number HG1703 COY
100 ## - MAIN ENTRY--PERSONAL NAME
Personal name Coyle Brian
245 ## - TITLE STATEMENT
Title Currency Futures/
Statement of responsibility, etc. Brian Coyle
260 ## - PUBLICATION, DISTRIBUTION, ETC.
Place of publication, distribution, etc. United Kingdom
Name of publisher, distributor, etc. The Chartered Institute of Bankers
Date of publication, distribution, etc. 2000
500 ## - GENERAL NOTE
General note Includes Index
942 ## - ADDED ENTRY ELEMENTS (KOHA)
Source of classification or shelving scheme Library of Congress Classification
Koha item type Books
Suppress in OPAC No
999 ## -
-- 8939
-- 8939
Holdings
Withdrawn status Lost status Source of classification or shelving scheme Damaged status Not for loan Collection Home library Current library Shelving location Date acquired Total checkouts Full call number Barcode Date last seen Copy number Price effective from Koha item type
    Library of Congress Classification     Non-fiction Business Library (Miotso) Business Library (Miotso) General stacks 03/11/2026   HG1703 COY BSSM00002508 03/11/2026 1 03/11/2026 Books
    Library of Congress Classification     Non-fiction Business Library (Miotso) Business Library (Miotso) General stacks 03/11/2026   HG1703 COY BSSM00002509 03/11/2026 2 03/11/2026 Books
© 2023-2024 Copyright: Central University Libraries. All Rights Reserved | Created by: Mahone Tech Office